Numérologie - Freeze Corleone, Stavo - Statistiques

Statistiques générales
  • Ce quiz a été pris 29 fois
  • Le résultat moyen est 97 sur 338
Statistiques - réponses
Hint Réponse % Correct
S/o
88%
a
81%
à
81%
de
69%
le
69%
nonante
69%
Nonante
69%
3
63%
6
63%
comme
63%
Couplet 1 (Freeze Corleone/Stavo) | Outro (Freeze Corleone/Stavo) 667
56%
9
56%
fois
56%
la
56%
si
56%
Stavo
56%
Intro Trois
56%
trois
56%
13
50%
Block
50%
Deux
50%
deux
50%
et
50%
un
50%
Un
50%
100
44%
dans
44%
kilos
44%
les
44%
Les
44%
Trente
44%
zéro
44%
10
38%
au
38%
en
38%
neuf
38%
pas
38%
plavon
38%
12
31%
9-0
31%
ai
31%
ça
31%
cop
31%
Corleone
31%
Dakar
31%
Fuck
31%
fuck
31%
Glock
31%
moitié
31%
Une
31%
43
25%
Avec
25%
c'est
25%
Chen
25%
depuis
25%
des
25%
dix
25%
J'ai
25%
j'marrête
25%
J'suis
25%
j'suis
25%
noir
25%
on
25%
quart
25%
quatre
25%
qu'j'en
25%
sept
25%
seven
25%
Seven
25%
sur
25%
sûr
25%
tant
25%
Top
25%
y'a
25%
Yamaha
25%
Zen
25%
0-6
19%
0-7
19%
0-9
19%
3310
19%
3-5-2
19%
4-4-2
19%
4-5-1
19%
46
19%
9.3
19%
aime
19%
Couplet 2 (Freeze Corleone/Stavo) Ancienne
19%
Barksdale
19%
bien
19%
biff
19%
Cristiano
19%
dépassé
19%
école
19%
efficace
19%
eleven
19%
eux
19%
Refrain (Freeze Corleone/Stavo) Formation
19%
Gang
19%
guetteur
19%
j'étais
19%
kilogrammes
19%
marche
19%
micro
19%
mille
19%
Négro
19%
Nokia
19%
nous
19%
objectif
19%
onze
19%
passe
19%
que
19%
qu'on
19%
sans
19%
Situation
19%
six
19%
somme
19%
toujours
19%
treize
19%
trente-trois
19%
tu
19%
Vendre
19%
zéros
19%
0,1 %
13%
2000
13%
3 x 33,3
13%
Alpha 5.20
13%
autant
13%
Avon
13%
B-2
13%
beuh
13%
bonbonne
13%
coeur
13%
coup
13%
croix
13%
D1
13%
D2
13%
Dakar Blood
13%
days
13%
deux-deux
13%
d'heures
13%
d'journée
13%
ébène
13%
être
13%
Fin
13%
fume
13%
Furtifs
13%
garde
13%
gardien
13%
gros
13%
heures
13%
Ils
13%
ils
13%
J'te
13%
killers
13%
laisse
13%
liste
13%
Lotto
13%
miettes
13%
moins
13%
n'ont
13%
OBS
13%
P2
13%
par
13%
peuvent
13%
proies
13%
queue
13%
qu'ils
13%
rien
13%
seul
13%
shit
13%
teh
13%
treizième
13%
V2
13%
vaudront
13%
vendeurs
13%
vers
13%
veulent
13%
villas
13%
18
6%
appelle
6%
brûle
6%
cabine
6%
d'fil
6%
Dunhill
6%
embrouille
6%
Enchaîne
6%
Equipe
6%
paquet
6%
roues
6%
semaine
6%
t'es
6%
tout
6%
travaux
6%
2018
0%
36
0%
cagoule
0%
crimes
0%
deux-roues
0%
fumer
0%
jours
0%
nonante-trois
0%
Orfèvres
0%
outils
0%
Quai
0%
qu'cinq
0%
rescousse
0%
routes
0%
t'fais
0%
trous
0%
Aucun quiz correspondant
Distribution des résultats
% des personnes avec chaque résultat
Percentile par nombre de réponses
Votre historique - résultats
Vous n’avez pas pris ce quiz